Statistics for European Football Clubs by Emojis

Click here to take the quiz!

General Stats

  • This quiz has been taken 762 times
  • The average score is 14 of 20

Answer Stats

EmojisClub% Correct
๐Ÿ‡ซ๐Ÿ‡ท๐Ÿ”ต๐Ÿ—ผโšช๐Ÿ”ดParis Saint-Germain
82%
๐Ÿ‡ช๐Ÿ‡ธโšช๐Ÿ‘‘๐Ÿ”ต๐ŸŸกReal Madrid
81%
๐Ÿด๓ ง๓ ข๓ ณ๓ ฃ๓ ด๓ ฟ๐ŸŸข๐Ÿ€โšชCeltic
79%
๐Ÿด๓ ง๓ ข๓ ฅ๓ ฎ๓ ง๓ ฟ๐Ÿ”ด๐Ÿ”ซโšชArsenal
78%
๐Ÿ‡ฉ๐Ÿ‡ช๐Ÿ”ด๐ŸบBayern Munich
78%
๐Ÿ‡ฎ๐Ÿ‡นโšซ๐ŸŽโšชJuventus
74%
๐Ÿ‡ฎ๐Ÿ‡น๐Ÿ”ดโšซ๐Ÿด๓ ง๓ ข๓ ฅ๓ ฎ๓ ง๓ ฟAC Milan
73%
๐Ÿ‡ช๐Ÿ‡ธ๐Ÿด๓ ง๓ ข๓ ฅ๓ ฎ๓ ง๓ ฟ๐Ÿ”ตโšฝ๐Ÿ”ดBarcelona
73%
๐Ÿ‡ฎ๐Ÿ‡น๐Ÿ”ด๐Ÿบ๐ŸŸกRoma
73%
๐Ÿ‡ซ๐Ÿ‡ทโšช๐Ÿฆ๐Ÿ”ด๐Ÿ”ตLyon
72%
๐Ÿด๓ ง๓ ข๓ ฅ๓ ฎ๓ ง๓ ฟ๐Ÿ”ดโ›ต๐Ÿ˜ˆ๐Ÿ”ฑโšชManchester United
72%
๐Ÿ‡ต๐Ÿ‡น๐Ÿฆ…๐Ÿ”ดโšฝโšชBenfica
71%
๐Ÿ‡ช๐Ÿ‡ธ๐Ÿ”ด๐Ÿปโšช๐Ÿ”ตAtlรฉtico Madrid
70%
๐Ÿด๓ ง๓ ข๓ ฅ๓ ฎ๓ ง๓ ฟ๐Ÿ”ด๐Ÿ”ฅ๐Ÿฆœ๐Ÿ”ฅ๐Ÿ”ดLiverpool
69%
๐Ÿ‡ต๐Ÿ‡น๐Ÿ”ต๐Ÿ‰โšฝโšชPorto
69%
๐Ÿ‡ณ๐Ÿ‡ฑ๐Ÿ”ด๐ŸšฉโšชPSV Eindhoven
68%
๐Ÿ‡ง๐Ÿ‡ช๐ŸŸฃโญโญโญ๐ŸŸฃAnderlecht
65%
๐Ÿ‡บ๐Ÿ‡ฆ๐Ÿ”ตโญ๐Ÿ‡ฉโญ๐Ÿ”ตDynamo Kyiv
63%
๐Ÿ‡ท๐Ÿ‡ด๐Ÿ”ต๐ŸŒŸ๐Ÿ”ดFCSB
59%
๐Ÿ‡ฌ๐Ÿ‡ทโšช๐Ÿ€๐ŸŸขPanathinaikos
59%

Score Distribution

Percentile by Number Answered

Percent of People with Each Score

Your Score History

You have not taken this quiz